US States Where Alaska Is More Popular Than Hawaii - Statistics

General Stats
  • This quiz has been taken 45 times
    31 since last reset
  • The average score is 7 of 9
Answer Stats
Percent State % Correct
69% Montana
91%
79% Washington
91%
63% Idaho
87%
66% Oregon
87%
56% Wyoming
83%
99% Alaska
78%
51% North Dakota
74%
51% South Dakota
74%
51% Maine
65%
No matching quizzes found
Score Distribution
Percent of People with Each Score
Percentile by Number Answered
Your Score History
You have not taken this quiz since the last reset